| 000 | 01174nam0a2200313 4500 | ||
|---|---|---|---|
| 001 | RU\NLR\BIBL_A\022687942 | ||
| 005 | 20251221045440.0 | ||
| 035 | _a(NLR Aleph) 022687942 | ||
| 090 |
_a13505497 _c13505497 |
||
| 100 | _a20251215d1875 m y0rusy50 ca | ||
| 101 | 1 |
_alit _cger |
|
| 102 | _aRU | ||
| 105 | _ay w 000yy | ||
| 181 | 0 |
_ai _baxxe |
|
| 182 | 0 | _an | |
| 200 | 1 |
_aJēzus griekininkû prietelis _fnů wyrausojo konsistorialroto Teodoro Kardelo Jurgio Woltersdorpo |
|
| 203 |
_aТекст _bвизуальный _cнепосредственный |
||
| 210 |
_aTilžė _cJ. Reilenderio ir sunaus spaustuvė _d[1875] |
||
| 215 |
_a8 p. _d13 |
||
| 300 | _aПер. по библиогр. | ||
| 541 | 1 |
_6z01790 _a[Иисус - друг грешников] _zrus |
|
| 606 | 1 |
_aБогословие католическое _9994195 _3RU\NLR\AUTH\6658175 |
|
| 686 | 1 | _aЭ375-4 | |
| 700 | 1 |
_aWoltersdorf _bT. K. G _f1727-1806 _gTeodor Karl Georg _4070 |
|
| 702 | 1 |
_aMeškaitis _bJ. _f1801-1876 _gJurgis _4730 |
|
| 790 | 1 |
_6z01541 _aВольтерсдорф _bТ. К. Г. _f1727-1806 _gТеодор Карл Георг _4070 |
|
| 942 | _cBOOK | ||
| 980 | _aNB | ||